000
00233nam a22001097a 4500
999
_c
14064
_d
14064
082
_a
150
100
_a
Sadaf & Shamoon
245
_a
Psychophysiology of Stress
260
_a
Pakistan
_b
AEIRC
_c
2014
300
_a
147 pages
942
_c
BK